[Event "WA Open Reserve Section"]
[Site "?"]
[Date "2007.05.27"]
[Round "1"]
[White "Dillingham, Gregg"]
[Black "Zetterval, Jay"]
[Result "1-0"]
[WhiteElo "1597"]
[BlackElo "1427"]
[PlyCount "29"]
[EventDate "2007.05.??"]
[SourceDate "2007.05.26"]

1. e4 d5 2. exd5 Qxd5 3. Nc3 Qd6 4. Nf3 Nf6 5. Bc4 a6 6. a4 e6 7. O-O Nc6 8. d4
Be7 9. Ne2 Nb4 10. Bf4 Qb6 11. a5 Qc6 12. Ne5 Qe4 13. c3 Nh5 14. f3 Qf5 15. g4
1-0

[Event "WA Open Reserve Section"]
[Site "?"]
[Date "2007.05.27"]
[Round "4"]
[White "Etingher, Constantin"]
[Black "Dillingham, Gregg"]
[Result "0-1"]
[WhiteElo "1483"]
[BlackElo "1597"]
[PlyCount "62"]
[EventDate "2007.05.??"]
[SourceDate "2007.05.26"]

1. Nf3 Nf6 2. d4 g6 3. e3 Bg7 4. Bd3 d5 5. O-O Nbd7 6. c3 c5 7. Nbd2 c4 8. Bc2
O-O 9. Re1 Rb8 10. e4 dxe4 11. Nxe4 Nd5 12. Qe2 b5 13. Ng3 N7b6 14. Ne5 Qc7 15.
Ng4 Bb7 16. Bh6 Rbe8 17. Qd2 Nd7 18. Bxg7 Kxg7 19. Qh6+ Kg8 20. Ne5 Nxe5 21.
Rxe5 e6 22. Rae1 Qd7 23. Nh5 f6 24. Rxe6 Rxe6 25. Rxe6 gxh5 26. Bf5 Qf7 27. Rd6
Re8 28. h3 Qc7 29. Kf1 Qxd6 30. Bxh7+ Kf7 31. Qg7+ Kxg7 0-1

[Event "WA Open Reserve Section"]
[Site "?"]
[Date "2007.05.27"]
[Round "3"]
[White "Lamb, Anthony"]
[Black "Inglis, David"]
[Result "1/2-1/2"]
[WhiteElo "1631"]
[BlackElo "1512"]
[PlyCount "58"]
[EventDate "2007.05.??"]
[SourceDate "2007.05.26"]

1. e4 c5 2. Nc3 Nc6 3. f4 e6 4. Nf3 d5 5. exd5 exd5 6. Bb5 Nf6 7. Ne5 Bd7 8.
Bxc6 bxc6 9. Nxd7 Qxd7 10. d3 Be7 11. O-O O-O 12. b3 Rfe8 13. h3 Bd6 14. Na4
Qe7 15. Qf3 Qe2 16. Ba3 Nd7 17. g3 Re3 18. Qxe2 Rxe2 19. Rf2 Re3 20. Kg2 d4 21.
Nb2 Nb6 22. Nc4 Nxc4 23. dxc4 Rae8 24. Raf1 R8e6 25. Bc1 Re2 26. Rxe2 Rxe2+ 27.
Rf2 Re1 28. Rf1 Rxf1 29. Kxf1 Kf8 1/2-1/2

[Event "WA Open Reserve Section"]
[Site "?"]
[Date "2007.05.28"]
[Round "5"]
[White "Lamb, Anthony"]
[Black "Southcote-Want, Colin"]
[Result "1/2-1/2"]
[WhiteElo "1631"]
[BlackElo "1699"]
[PlyCount "69"]
[EventDate "2007.05.??"]
[SourceDate "2007.05.26"]

1. e4 e6 2. d4 d5 3. exd5 exd5 4. Nf3 Nf6 5. Bd3 Bd6 6. O-O O-O 7. c3 Bg4 8.
Bg5 Nbd7 9. Nbd2 c6 10. Qc2 Qc7 11. Bf5 Bxf5 12. Qxf5 h6 13. Bh4 g6 14. Qd3
Rae8 15. Rfe1 Kg7 16. Bg3 Bxg3 17. hxg3 Nh5 18. Rxe8 Rxe8 19. Re1 Rxe1+ 20.
Nxe1 f5 21. Qe3 Ndf6 22. Nd3 Ne4 23. Nxe4 fxe4 24. Ne5 g5 25. g4 Nf4 26. g3 Ng6
27. Nxg6 Kxg6 28. Kg2 Qf7 29. f3 Qxf3+ 30. Qxf3 exf3+ 31. Kxf3 b5 32. b4 a6 33.
a3 h5 34. Kf2 hxg4 35. Ke2 1/2-1/2

[Event "WA Open Reserve Section"]
[Site "?"]
[Date "2007.05.26"]
[Round "2"]
[White "Marcjan, Cezary"]
[Black "Rogers, William"]
[Result "1-0"]
[WhiteElo "1270"]
[BlackElo "1503"]
[PlyCount "61"]
[EventDate "2007.05.??"]
[SourceDate "2007.05.26"]

1. e4 e5 2. Nf3 Nf6 3. Bc4 d6 4. Nc3 Be7 5. d4 exd4 6. Nxd4 a6 7. a4 c5 8. Nf3
Nc6 9. O-O O-O 10. Re1 b6 11. Bf4 Bb7 12. Nd5 Ne8 13. c3 Na5 14. Bd3 Nf6 15.
Qc2 Nxd5 16. exd5 Bxd5 17. Bxh7+ Kh8 18. Be4 Bxe4 19. Rxe4 Nc6 20. Rd1 d5 21.
Re3 g5 22. Nxg5 Bxg5 23. Rh3+ Kg7 24. Bxg5 Qxg5 25. Rg3 Qxg3 26. fxg3 d4 27.
cxd4 Nxd4 28. Qf2 Rad8 29. Kf1 Rfe8 30. Qf4 Re6 31. Qg5+ 1-0

[Event "WA Open Reserve Section"]
[Site "?"]
[Date "2007.05.28"]
[Round "5"]
[White "Marcjan, Cezary"]
[Black "Varner, Murlin"]
[Result "0-1"]
[WhiteElo "1270"]
[BlackElo "1525"]
[PlyCount "44"]
[EventDate "2007.05.??"]
[SourceDate "2007.05.26"]

1. e4 c5 2. Bc4 Nc6 3. Nf3 e6 4. d4 cxd4 5. Nxd4 Bc5 6. Be3 Bb6 7. O-O Qf6 8.
c3 Nge7 9. f4 Nxd4 10. cxd4 d6 11. Rf3 g6 12. Nc3 O-O 13. Qd2 Nc6 14. e5 Qe7
15. Ne4 d5 16. Nf6+ Kh8 17. f5 dxc4 18. Bh6 Rd8 19. Rh3 Bxd4+ 20. Kf1 Bxe5 21.
Bf8 Qxf6 22. Qh6 Qxf5+ 0-1

[Event "WA Open Reserve Section"]
[Site "?"]
[Date "2007.05.26"]
[Round "2"]
[White "Monahan, Darby"]
[Black "Varner, Murlin"]
[Result "1-0"]
[WhiteElo "1546"]
[BlackElo "1525"]
[PlyCount "65"]
[EventDate "2007.05.??"]
[SourceDate "2007.05.26"]

1. e4 c5 2. Nf3 Nc6 3. d4 cxd4 4. Nxd4 e6 5. Be3 Nf6 6. Bd3 d5 7. Nxc6 bxc6 8.
exd5 cxd5 9. Bb5+ Bd7 10. Bxd7+ Qxd7 11. c3 Bd6 12. Nd2 O-O 13. O-O a5 14. a4
Qb7 15. b3 Rad8 16. Kh1 Ne4 17. Nxe4 dxe4 18. Qc2 Rc8 19. c4 f5 20. Rad1 Bb8
21. f4 exf3 22. Rxf3 Qc7 23. g3 Qc6 24. Qe2 f4 25. gxf4 Bxf4 26. Bxf4 Rxf4 27.
Kg2 Rcf8 28. Rdd3 e5 29. Rde3 Qg6+ 30. Rg3 Qf6 31. Ref3 Qc6 32. Qxe5 Rxf3 33.
Qxg7# 1-0

[Event "WA Open Reserve Section"]
[Site "?"]
[Date "2007.05.27"]
[Round "4"]
[White "Placek, Philip"]
[Black "Etingher, Constantin"]
[Result "0-1"]
[WhiteElo "1671"]
[BlackElo "1483"]
[PlyCount "42"]
[EventDate "2007.05.??"]
[SourceDate "2007.05.26"]

1. e4 c5 2. Nf3 Nc6 3. d4 cxd4 4. Nxd4 Nf6 5. Nc3 e5 6. Ndb5 d6 7. Bg5 a6 8.
Na3 b5 9. Nd5 Qa5+ 10. c3 Nxe4 11. Be3 Rb8 12. Qf3 f5 13. Bd3 b4 14. Nc4 Qxd5
15. O-O-O bxc3 16. Bxe4 cxb2+ 17. Kb1 Qxe4+ 18. Qxe4 fxe4 19. Nxd6+ Bxd6 20.
Rxd6 Nd4 21. Bg5 Bf5 0-1

[Event "WA Open Reserve Section"]
[Site "?"]
[Date "2007.05.28"]
[Round "6"]
[White "Southcote-Want, Colin"]
[Black "Dillingham, Gregg"]
[Result "1-0"]
[WhiteElo "1699"]
[BlackElo "1597"]
[PlyCount "55"]
[EventDate "2007.05.??"]
[SourceDate "2007.05.26"]

1. e4 c5 2. Nc3 Nc6 3. g3 Nf6 4. Bg2 d6 5. Nge2 e5 6. O-O Be7 7. d3 O-O 8. f4
exf4 9. Bxf4 Nh5 10. Nd5 Nxf4 11. Nxe7+ Nxe7 12. Nxf4 f5 13. Qd2 fxe4 14. dxe4
Qb6 15. Nd5 Qd8 16. Rxf8+ Qxf8 17. Rf1 Qd8 18. Qg5 Be6 19. Qxe7 Bxd5 20. Qxd8+
Rxd8 21. exd5 g5 22. Bh3 Kg7 23. Be6 Rb8 24. Rf7+ Kg6 25. g4 h5 26. h3 hxg4 27.
hxg4 a6 28. Rd7 1-0

[Event "WA Open Reserve Section"]
[Site "?"]
[Date "2007.05.26"]
[Round "2"]
[White "Southcote-Want, Colin"]
[Black "Etingher, Constantin"]
[Result "1-0"]
[WhiteElo "1699"]
[BlackElo "1483"]
[PlyCount "73"]
[EventDate "2007.05.??"]
[SourceDate "2007.05.26"]

1. e4 c5 2. Nc3 Nc6 3. g3 g6 4. Bg2 Bg7 5. Nge2 d6 6. O-O Nf6 7. d3 O-O 8. f4
Ng4 9. h3 Nf6 10. Be3 Ne8 11. Rb1 f5 12. Kh2 Bd7 13. Qd2 a6 14. Rbd1 Nd4 15.
Bxd4 cxd4 16. Nb1 Rb8 17. c3 dxc3 18. Nbxc3 Bc6 19. d4 fxe4 20. d5 Bd7 21. Nxe4
b5 22. Nd4 Rc8 23. b3 Nf6 24. Ng5 Qb6 25. Rfe1 Rfe8 26. Nge6 b4 27. f5 Bxe6 28.
Nxe6 Rc3 29. Nxg7 Kxg7 30. Re6 Qa7 31. fxg6 hxg6 32. Rf1 Nh5 33. Rxg6+ Kxg6 34.
Be4+ Kg7 35. Qg5+ Kh8 36. Qxh5+ Kg7 37. Qh7# 1-0

[Event "WA Open Reserve Section"]
[Site "?"]
[Date "2007.05.27"]
[Round "4"]
[White "Van Veen, Kerry"]
[Black "Xing, Casey"]
[Result "0-1"]
[WhiteElo "1445"]
[BlackElo "1393"]
[PlyCount "48"]
[EventDate "2007.05.??"]
[SourceDate "2007.05.26"]

1. d4 Nf6 2. c4 g6 3. Nc3 d5 4. Nf3 Bg7 5. Bg5 c6 6. e3 e6 7. Bd3 Nbd7 8. O-O
h6 9. Bh4 O-O 10. Ne5 Qc7 11. f4 b6 12. Rc1 Qd6 13. cxd5 exd5 14. Qf3 Bb7 15.
Qh3 Nb8 16. f5 g5 17. Bg3 Qe7 18. Rf3 Nbd7 19. Ng4 Nxg4 20. Qxg4 Nf6 21. Nxd5
cxd5 22. Rc7 Qxc7 23. Bxc7 Nxg4 24. Bd6 Rfe8 0-1

[Event "WA Open Reserve Section"]
[Site "?"]
[Date "2007.05.26"]
[Round "1"]
[White "Varner, Murlin"]
[Black "Dawson, Drew"]
[Result "1/2-1/2"]
[WhiteElo "1525"]
[BlackElo "1300"]
[PlyCount "69"]
[EventDate "2007.05.??"]
[SourceDate "2007.05.26"]

1. e4 e5 2. Nf3 Nc6 3. Bc4 Bc5 4. Nc3 Nf6 5. O-O d6 6. h3 O-O 7. d3 h6 8. Nd5
Na5 9. b4 Nxd5 10. bxc5 Nxc4 11. exd5 Na5 12. Bd2 b6 13. c6 Re8 14. Bxa5 bxa5
15. Re1 Rb8 16. c4 Bf5 17. Nd2 Bxd3 18. Nb3 Bxc4 19. Nxa5 Ba6 20. a4 Qh4 21.
Qc2 Qb4 22. Nb7 Qc4 23. Qd2 Bxb7 24. cxb7 Rxb7 25. Rec1 Qd4 26. Qa5 Rc8 27. Rd1
Qb4 28. Qa6 Qb6 29. Qe2 Rcb8 30. a5 Qc5 31. a6 Rb2 32. Qf3 Rc2 33. Qf5 Rbb2 34.
Qc8+ Kh7 35. Qf5+ 1/2-1/2

[Event "WA Open Reserve Section"]
[Site "?"]
[Date "2007.05.27"]
[Round "3"]
[White "Varner, Murlin"]
[Black "Rogers, William"]
[Result "1-0"]
[WhiteElo "1525"]
[BlackElo "1503"]
[PlyCount "89"]
[EventDate "2007.05.??"]
[SourceDate "2007.05.26"]

1. d4 Nf6 2. c4 e6 3. Nc3 Bb4 4. Bd2 Bxc3 5. Bxc3 d5 6. e3 O-O 7. Nf3 Nc6 8.
Be2 a6 9. O-O dxc4 10. Bxc4 b5 11. Bd3 Bb7 12. Qc2 Ne7 13. e4 Ng6 14. Rad1 Nf4
15. Nd2 Nxd3 16. Qxd3 c5 17. e5 Ng4 18. Qg3 b4 19. Qxg4 bxc3 20. bxc3 cxd4 21.
cxd4 Qa5 22. Ne4 Bxe4 23. Qxe4 Qxa2 24. Ra1 Qd5 25. Qxd5 exd5 26. Ra5 f6 27.
Rxd5 fxe5 28. dxe5 a5 29. Ra1 a4 30. g3 Rf3 31. e6 Kf8 32. Rd7 Re8 33. Rxa4
Rxe6 34. Ra8+ Re8 35. Rxe8+ Kxe8 36. Rxg7 h5 37. Rh7 Rf5 38. Kg2 Kf8 39. f4 Kg8
40. Re7 h4 41. Re5 Rxe5 42. fxe5 hxg3 43. hxg3 Kf7 44. Kf3 Ke6 45. Kf4 1-0

[Event "WA Open Reserve Section"]
[Site "?"]
[Date "2007.05.28"]
[Round "6"]
[White "Varner, Murlin"]
[Black "Xing, Casey"]
[Result "1-0"]
[WhiteElo "1525"]
[BlackElo "1393"]
[PlyCount "103"]
[EventDate "2007.05.??"]
[SourceDate "2007.05.26"]

1. e4 e6 2. d4 d5 3. Nc3 Bb4 4. Bd2 Ne7 5. g3 c5 6. dxc5 Bxc5 7. Bg2 dxe4 8.
Nxe4 Bb6 9. Ne2 Nbc6 10. O-O O-O 11. a3 Qc7 12. N2c3 a6 13. Qh5 f6 14. Rad1 Bd7
15. Bc1 Be8 16. Qh3 f5 17. Ng5 Bg6 18. Nxe6 Qc8 19. Nxf8 Qxf8 20. Nd5 Nxd5 21.
Bxd5+ Kh8 22. Bxc6 bxc6 23. Qh4 h6 24. Qc4 c5 25. Qe6 Qf6 26. Qxf6 gxf6 27. Rd6
Bd8 28. Bxh6 Be7 29. Rd7 Bf8 30. Bxf8 Rxf8 31. Rc7 f4 32. Rxc5 Be4 33. Re1 f5
34. c3 f3 35. Rc7 Rd8 36. h4 Rd2 37. Ra7 Rxb2 38. Rxa6 Rb8 39. Ra7 Rc8 40. Rd1
f4 41. Rd4 Bc2 42. Rxf4 Rb8 43. c4 Bd3 44. c5 Be2 45. Rb4 Rc8 46. c6 Bd3 47. c7
Kh7 48. Rb8 Bf5 49. Rxc8 Bxc8 50. Ra8 Bg4 51. c8=Q Bxc8 52. Rxc8 1-0

[Event "WA Open Reserve Section"]
[Site "?"]
[Date "2007.05.26"]
[Round "2"]
[White "Yue, Bryan"]
[Black "Lamb, Anthony"]
[Result "0-1"]
[WhiteElo "1453"]
[BlackElo "1631"]
[PlyCount "96"]
[EventDate "2007.05.??"]
[SourceDate "2007.05.26"]

1. e4 e6 2. d4 d5 3. Nc3 dxe4 4. Nxe4 Nd7 5. Nf3 Ngf6 6. Bd3 Nxe4 7. Bxe4 Nf6
8. Bd3 Be7 9. O-O O-O 10. Bf4 b6 11. Bb5 Bb7 12. c3 Bd6 13. Ne5 a6 14. Be2 Nd7
15. Bf3 Bxf3 16. Qxf3 f6 17. Nc6 Qe8 18. Bxd6 cxd6 19. d5 Ne5 20. Nxe5 dxe5 21.
d6 Qd7 22. Rfd1 Rfc8 23. Rd2 Rc6 24. Rad1 Rb8 25. Qd3 b5 26. f3 Rbb6 27. b3
Rxd6 28. Qxd6 Rxd6 29. Rxd6 Qa7+ 30. Kf1 Qe3 31. Rxa6 Qxc3 32. Ra7 h6 33. Rdd7
Qc1+ 34. Ke2 Qc2+ 35. Rd2 Qc5 36. Rad7 Qg1 37. Kd3 Qxh2 38. Kc2 Qg1 39. Kb2 Qe3
40. R7d3 Qf4 41. Rd8+ Kh7 42. R2d6 e4 43. Rxe6 exf3 44. gxf3 Qxf3 45. Rb8 Qf2+
46. Kb1 Qf5+ 47. Kc1 Qxe6 48. Rxb5 Qc6+ 0-1

[Event "WA Open Booster Section"]
[Site "?"]
[Date "2007.05.28"]
[Round "6"]
[White "Chen, Irving"]
[Black "Supathanasinkasaem, Sampoth"]
[Result "0-1"]
[WhiteElo "1187"]
[BlackElo "1159"]
[PlyCount "96"]
[EventDate "2007.05.??"]
[SourceDate "2007.05.26"]

1. e4 c5 2. Nc3 Nc6 3. d3 g6 4. f4 Bg7 5. Be3 Qb6 6. Rb1 d6 7. a3 Nf6 8. Nf3
Ng4 9. Nd5 Qd8 10. Bd2 O-O 11. Bc3 Nd4 12. h3 e6 13. hxg4 exd5 14. Nxd4 cxd4
15. Bb4 dxe4 16. dxe4 Re8 17. Bd3 Qf6 18. Qf3 Bd7 19. Kd2 a5 20. g5 Qe7 21. Bc3
dxc3+ 22. bxc3 Bc6 23. Rbe1 Qd7 24. g4 Bb5 25. c4 Ba6 26. Qh3 Qd8 27. Qxh7+ Kf8
28. Qh3 Rc8 29. Qf1 d5 30. exd5 Rxe1 31. Kxe1 Qb6 32. Ke2 Rxc4 33. Kd2 Bc3+ 34.
Kd1 Qb1+ 35. Ke2 Qxf1+ 36. Rxf1 Re4+ 37. Kf3 Bxd3 38. cxd3 Rd4 39. Rc1 Rxf4+
40. Kxf4 Bd2+ 41. Ke5 Bxc1 42. a4 Bxg5 43. d6 Ke8 44. Kd5 Kd7 45. Ke5 f6+ 46.
Kd5 Bh4 47. Kc5 Be1 48. Kd5 Bb4 0-1

[Event "WA Open Booster Section"]
[Site "?"]
[Date "2007.05.26"]
[Round "2"]
[White "Clarfield, Molly-Rose"]
[Black "Terrill, Mike"]
[Result "0-1"]
[WhiteElo "932"]
[BlackElo "1398"]
[PlyCount "64"]
[EventDate "2007.05.??"]
[SourceDate "2007.05.26"]

1. e4 c5 2. d4 cxd4 3. c3 dxc3 4. Nxc3 Nc6 5. Bc4 e6 6. Nf3 Be7 7. e5 d5 8. Bb5
a6 9. Ba4 b5 10. Bc2 Bb7 11. O-O Nh6 12. Bxh6 gxh6 13. Qd2 Bg5 14. Qe2 Rc8 15.
Rad1 Qe7 16. a4 b4 17. Na2 Na5 18. Bd3 b3 19. Nc1 O-O 20. Bb1 Qb4 21. Nd4 Rxc1
22. Qg4 Rxd1 23. Rxd1 Kh8 24. h4 Be7 25. Qh5 f5 26. exf6 Rxf6 27. Qe5 Nc6 28.
g4 Nxe5 29. Re1 Qxe1+ 30. Kh2 Rxf2+ 31. Kh3 Qh1+ 32. Kg3 Qg2# 0-1

[Event "WA Open Booster Section"]
[Site "?"]
[Date "2007.05.27"]
[Round "4"]
[White "Cordero, Rowland"]
[Black "May, Norm"]
[Result "1-0"]
[WhiteElo "1353"]
[BlackElo "1120"]
[PlyCount "79"]
[EventDate "2007.05.??"]
[SourceDate "2007.05.26"]

1. e4 c5 2. Nf3 Nc6 3. Bb5 Nf6 4. e5 Ng4 5. Bxc6 bxc6 6. h3 Nh6 7. c4 e6 8. O-O
Nf5 9. d3 Nd4 10. b3 Be7 11. Nc3 O-O 12. Ne4 Nxf3+ 13. Qxf3 h6 14. Be3 d6 15.
Rfd1 a5 16. d4 cxd4 17. Bxd4 d5 18. cxd5 cxd5 19. Nc5 Qc7 20. Rac1 Re8 21. Nxe6
Qxc1 22. Rxc1 Bxe6 23. Rc7 Rad8 24. Qc3 Bb4 25. Qe3 Re7 26. Rxe7 Bxe7 27. Qg3
Rc8 28. Qd3 Rc1+ 29. Kh2 Bc5 30. Qd2 Ba3 31. Qxa5 Bf8 32. Qd2 Rc6 33. g4 Be7
34. f4 Kh7 35. Kg3 f6 36. f5 fxe5 37. Bxe5 Bg8 38. Qd3 Bf6 39. Bxf6 Rxf6 40. h4
1-0

[Event "WA Open Booster Section"]
[Site "?"]
[Date "2007.05.26"]
[Round "2"]
[White "Cordero, Rowland"]
[Black "Ummel, John"]
[Result "1-0"]
[WhiteElo "1353"]
[BlackElo "984"]
[PlyCount "117"]
[EventDate "2007.05.??"]
[SourceDate "2007.05.26"]

1. e4 d5 2. exd5 Nf6 3. Nf3 Nxd5 4. c4 Nb6 5. d4 e6 6. Nc3 c6 7. Be2 Bb4 8. O-O
O-O 9. a3 Be7 10. Bf4 Na6 11. Qc2 c5 12. Rfd1 Nd7 13. dxc5 Qe8 14. b4 Nf6 15.
Ne5 Nb8 16. Rd2 Nbd7 17. Nb5 Bd8 18. Nxd7 Bxd7 19. Bd6 a6 20. Nc7 Bxc7 21. Bxc7
Qc8 22. Bb6 Qe8 23. a4 Bc6 24. b5 axb5 25. cxb5 Be4 26. Qc4 Bd5 27. Qb4 Nd7 28.
Bc7 f6 29. b6 Qg6 30. Qg4 Qxg4 31. Bxg4 Nxc5 32. Bd1 Ra6 33. Rd4 Rfa8 34. f4
Nb3 35. Bxb3 Bxb3 36. a5 Bd5 37. Rda4 h6 38. g4 e5 39. fxe5 fxe5 40. Bxe5 Bc6
41. R4a3 Kf7 42. Rf1+ Ke6 43. Bc3 Rxb6 44. Bxg7 Rb4 45. Re3+ Be4 46. Bc3 Rc4
47. Rf6+ Ke7 48. Rxh6 Rg8 49. h3 Kf8 50. Rf6+ Ke7 51. Rf4 Kd6 52. Rfxe4 Rgc8
53. Be1 Rc1 54. Kg2 R1c2+ 55. Re2 R2c5 56. Bb4 Ra8 57. Re6+ Kd5 58. Bxc5 Kxc5
59. R2e5+ 1-0

[Event "WA Open Booster Section"]
[Site "?"]
[Date "2007.05.28"]
[Round "6"]
[White "Cordero, Rowland"]
[Black "Van Weerdhuizen, David"]
[Result "1-0"]
[WhiteElo "1353"]
[BlackElo "1109"]
[PlyCount "59"]
[EventDate "2007.05.??"]
[SourceDate "2007.05.26"]

1. e4 e5 2. Nf3 Nc6 3. Bb5 d6 4. c3 a6 5. Bxc6+ bxc6 6. O-O Nf6 7. Re1 Be7 8.
h3 Nh5 9. Nxe5 dxe5 10. Qxh5 Bf6 11. d4 g6 12. Qd1 O-O 13. Be3 Rb8 14. Qc2 Bg5
15. dxe5 Bxe3 16. Rxe3 Qg5 17. Nd2 Qxe5 18. Nf3 Qg7 19. Rd1 g5 20. Nd4 Bd7 21.
Red3 Kh8 22. Nf5 Bxf5 23. exf5 Rb5 24. g4 Re8 25. Kg2 Re4 26. Rd8+ Qg8 27.
Rxg8+ Kxg8 28. Qxe4 Kg7 29. Qd4+ Kg8 30. Qf6 1-0

[Event "WA Open Booster Section"]
[Site "?"]
[Date "2007.05.27"]
[Round "3"]
[White "Hjerrild, Steven"]
[Black "Hornickle, John"]
[Result "0-1"]
[WhiteElo "955"]
[BlackElo "1304"]
[PlyCount "90"]
[EventDate "2007.05.??"]
[SourceDate "2007.05.26"]

1. d4 Nf6 2. c4 e6 3. Nc3 Bb4 4. Qc2 c5 5. a3 cxd4 6. axb4 dxc3 7. bxc3 Nc6 8.
b5 Ne5 9. Qb3 Ne4 10. Ba3 Qb6 11. e3 Nc5 12. Bxc5 Qxc5 13. Be2 O-O 14. Nf3 Ng4
15. Nd4 Nf6 16. O-O e5 17. Nf3 d6 18. h3 Be6 19. Rfd1 Rfd8 20. Qa3 Ne4 21. Qxc5
Nxc5 22. Ra3 a5 23. bxa6 Rxa6 24. Rxa6 bxa6 25. Nxe5 Ne4 26. Rd3 Nc5 27. Rd4
Bc8 28. Nc6 Rd7 29. Bg4 Ne6 30. Rd5 Bb7 31. Ne5 Rd8 32. Rd2 dxe5 33. Rxd8+ Nxd8
34. c5 Kf8 35. Bd1 Ke7 36. Ba4 Bc6 37. Bd1 Ne6 38. Bf3 Bxf3 39. gxf3 Nxc5 40.
Kf1 Ke6 41. Ke1 Kd5 42. Kd2 Kc4 43. Kc2 Na4 44. Kb1 Kb3 45. Ka1 Nxc3 0-1

[Event "WA Open Booster Section"]
[Site "?"]
[Date "2007.05.26"]
[Round "2"]
[White "Hornickle, John"]
[Black "May, Norm"]
[Result "0-1"]
[WhiteElo "1304"]
[BlackElo "1120"]
[PlyCount "71"]
[EventDate "2007.05.??"]
[SourceDate "2007.05.26"]

1. e4 c5 2. Nc3 Nc6 3. g3 Nf6 4. Bg2 e5 5. d3 Bd6 6. Nf3 h6 7. O-O O-O 8. Nh4
Ne7 9. f4 c4 10. f5 Bc5+ 11. Kh1 d5 12. Qe2 cxd3 13. cxd3 d4 14. Nd1 Kh7 15.
Bf3 a5 16. g4 Neg8 17. g5 Nd7 18. g6+ Kh8 19. gxf7 Qxh4 20. fxg8=Q+ Kxg8 21.
Rg1 Ra6 22. Qg2 Rf7 23. Nf2 Be7 24. Nh3 Nc5 25. Nf2 Bd7 26. Bd2 Bc6 27. Rad1
Bb5 28. Be1 Qf6 29. Ng4 Qd6 30. Be2 Rxf5 31. exf5 Bc6 32. Bf3 Bxf3 33. Qxf3 Qc7
34. Qd5+ Kh7 35. Nxe5 Bg5 36. Bg3 {
White lost on time at move 39, only 1 move before the time control.} 0-1

[Event "WA Open Booster Section"]
[Site "?"]
[Date "2007.05.28"]
[Round "5"]
[White "Iordanov, Stoyan"]
[Black "Charleston, Jay"]
[Result "0-1"]
[WhiteElo "856"]
[BlackElo "1212"]
[PlyCount "136"]
[EventDate "2007.05.??"]
[SourceDate "2007.05.26"]

1. e4 d5 2. exd5 Qxd5 3. Nc3 Qa5 4. Nf3 Bf5 5. d3 c6 6. g3 Nf6 7. h3 h6 8. Bg2
Nbd7 9. O-O e6 10. Bd2 Qc7 11. Qe2 Bd6 12. Nd4 O-O-O 13. Nxf5 exf5 14. f4 Rde8
15. Qf3 Qb6+ 16. Kh2 h5 17. h4 g6 18. Bh3 Qc7 19. Rfe1 Re6 20. Rxe6 fxe6 21.
Qe3 Qb6 22. Qxb6 axb6 23. Be3 Kc7 24. Bd4 Re8 25. Bxf6 Nxf6 26. Re1 Kd7 27. Na4
Kc7 28. a3 b5 29. Nc3 Kd7 30. Kg2 Ra8 31. Nb1 b4 32. axb4 Bxb4 33. c3 Bd6 34.
Nd2 b5 35. Nf3 b4 36. Nd4 Re8 37. Kf3 bxc3 38. bxc3 Ba3 39. Ke3 Nd5+ 40. Kd2
Bb2 41. Bg2 Bxc3+ 42. Kd1 Bxe1 43. Kxe1 Rb8 44. Bxd5 exd5 45. Nf3 Re8+ 46. Ne5+
Kd6 47. d4 Re6 48. Kd2 c5 49. dxc5+ Kxc5 50. Kc3 d4+ 51. Kd3 Kd5 52. Nc4 Rc6
53. Ne5 Rc3+ 54. Ke2 Rxg3 55. Kd2 Ke4 56. Nc6 Rg4 57. Ne7 Kxf4 58. Kd3 Kg3 59.
Kc4 Kxh4 60. Nd5 Kg3 61. Kd3 h4 62. Nf6 h3 63. Nxg4 Kxg4 64. Kxd4 h2 65. Ke5
h1=Q 66. Kf6 Qc6+ 67. Kg7 Kg5 68. Kf7 Qd7+ 0-1

[Event "WA Open Booster Section"]
[Site "?"]
[Date "2007.05.27"]
[Round "1"]
[White "Iordanov, Stoyan"]
[Black "Grabar, Svetlana"]
[Result "0-1"]
[WhiteElo "856"]
[BlackElo "1245"]
[PlyCount "49"]
[EventDate "2007.05.??"]
[SourceDate "2007.05.26"]

1. e4 e5 2. Nf3 Nc6 3. Bb5 a6 4. Ba4 Nf6 5. O-O Be7 6. Re1 b5 7. Bb3 d6 8. h3
Na5 9. d4 Nxb3 10. axb3 exd4 11. Nxd4 Bb7 12. f3 O-O 13. g4 d5 14. Nc3 dxe4 15.
Nxe4 Nxe4 16. fxe4 Bc5 17. c3 Qd6 18. Kg2 Qe5 19. Qd3 Rad8 20. Nf3 Qg3+ 21.
Kxg3 Rxd3 22. b4 Bd6+ 23. Kf2 Re8 24. Nd2 Bg3+ 25. Kg2 0-1

[Event "WA Open Booster Section"]
[Site "?"]
[Date "2007.05.28"]
[Round "6"]
[White "Jacobson, Laura"]
[Black "Hornickle, John"]
[Result "0-1"]
[WhiteElo "628"]
[BlackElo "1304"]
[PlyCount "76"]
[EventDate "2007.05.??"]
[SourceDate "2007.05.26"]

1. d4 e6 2. c4 Nf6 3. Nc3 Bb4 4. Qd2 c5 5. Nf3 Nc6 6. e3 d5 7. a3 cxd4 8. axb4
dxc3 9. b5 Ne7 10. Qxc3 O-O 11. Bd3 dxc4 12. Qxc4 Ned5 13. O-O Qe7 14. Bd2 Rd8
15. e4 Nb6 16. Qb3 Bd7 17. e5 Nfd5 18. Bg5 f6 19. exf6 gxf6 20. Bh6 Qf7 21. Nh4
Qh5 22. Qc2 Qxh6 23. g3 Nb4 24. Qb3 N6d5 25. Be4 Bxb5 26. Rfe1 Bc6 27. Bxd5
Nxd5 28. Rxe6 Kh8 29. Nf5 Qf8 30. Rxc6 bxc6 31. Qb7 Rab8 32. Qxc6 Ne7 33. Nxe7
Qxe7 34. Rc1 Qe5 35. Qd7 Qxb2 36. Rc7 Qb1+ 37. Kg2 Qe4+ 38. Kg1 Rb1+ 0-1

[Event "WA Open Booster Section"]
[Site "?"]
[Date "2007.05.28"]
[Round "5"]
[White "Jacobson, Laura"]
[Black "Johnson, Trevor"]
[Result "1-0"]
[WhiteElo "628"]
[BlackElo "864"]
[PlyCount "45"]
[EventDate "2007.05.??"]
[SourceDate "2007.05.26"]

1. d4 e6 2. e4 d5 3. Nc3 dxe4 4. Nxe4 Nc6 5. Nf3 Nge7 6. c3 Qd5 7. Bd3 e5 8. c4
Qe6 9. d5 Nxd5 10. cxd5 Qxd5 11. O-O Bf5 12. Re1 Nb4 13. Qa4+ c6 14. Nf6+ gxf6
15. Bxf5 Rg8 16. Be4 Qe6 17. a3 Qg4 18. Nd2 Na6 19. g3 f5 20. Bxc6+ bxc6 21.
Qxc6+ Ke7 22. Rxe5+ Kd8 23. Re8# 1-0

[Event "WA Open Booster Section"]
[Site "?"]
[Date "2007.05.28"]
[Round "6"]
[White "Johnson, Trevor"]
[Black "Iordanov, Stoyan"]
[Result "1-0"]
[WhiteElo "864"]
[BlackElo "856"]
[PlyCount "137"]
[EventDate "2007.05.??"]
[SourceDate "2007.05.26"]

1. e4 c5 2. c3 d6 3. d4 Nf6 4. dxc5 e6 5. cxd6 Qxd6 6. Qxd6 Bxd6 7. f3 Nbd7 8.
c4 Bb4+ 9. Bd2 Bxd2+ 10. Nxd2 e5 11. Nb3 b6 12. Ne2 Ba6 13. Ng3 g6 14. Rc1 Nc5
15. Nxc5 bxc5 16. Rc3 Bb7 17. Rb3 Bc6 18. Ra3 O-O 19. Ra6 Rfc8 20. Be2 Ne8 21.
O-O Bb7 22. Ra3 Nc7 23. Rb3 Rab8 24. Rd1 Bc6 25. Rxb8 Rxb8 26. b3 Ne6 27. h4 h5
28. Rd6 Rb6 29. a3 Be8 30. Rxb6 axb6 31. Kf2 Nd4 32. Bd1 b5 33. cxb5 Bxb5 34.
a4 Ba6 35. Ne2 Kf8 36. Nxd4 exd4 37. Ke1 Ke7 38. Be2 d3 39. Bd1 Kd6 40. Kd2 c4
41. bxc4 Bxc4 42. Kc3 Kc5 43. g4 f6 44. gxh5 gxh5 45. f4 d2 46. Bxh5 Bf7 47.
Bd1 Bg6 48. f5 Bf7 49. Kxd2 Kd4 50. Bf3 Be8 51. h5 Bxh5 52. Bxh5 Kxe4 53. Bg6
Kd4 54. a5 Kc5 55. Kd3 Kb5 56. Kd4 Kxa5 57. Kd5 Kb6 58. Ke6 Kc7 59. Kxf6 Kd6
60. Kg7 Ke5 61. f6 Kf4 62. f7 Kg5 63. f8=Q Kg4 64. Qf5+ Kg3 65. Bh5 Kg2 66.
Qf3+ Kh2 67. Bg4 Kg1 68. Bh3 Kh2 69. Qg2# 1-0